00798nam a2200205 i 450000100060000000300090000600500170001500700030003200800410003510000420007624501070011826000730022530000300029849000340032865000290036283000420039185200220043399900170045595201200047289773ES-MaACL20250815110837.0t|050113s1922 fr ||||1| fre d1 aLaunay, Louis de (d1860-1938)97060310aTraité de Géologie et de Minéralogie appliquées a l'art de l'ingénieur / cpar L. de Launay. aParis : bJ.B. Baillière et Fils, c1922 (eCorbeil : fCrété) a418 p. : bil. ; c23 cm.1 aEncyclopedie du gènie civil07aGeología2embne9130860 aEncyclopedie du gènie civil9231910 aES-MaACLjB-12199 c89773d89773 00104070aATENEOMbATENEOMcSPBd2008-01-17eSCl0oB-12199p1093755r2023-02-23 00:00:00w2023-02-23yMONOGRAFIA